00936cam a22002291 4500001001300000003000400013005001700017008004100034010001700075035002000092040001800112050002200130100003800152245002800190250001800218260005900236300002500295500001400320505033800334630001700672999001700689sa 68019375 DLC20260227112717.0930712m19561965ii 000 0btam  asa 68019375  a(OCoLC)34925570 aDLCcMnUdDLC00aPL4758.9.T487bJ31 aJakannātan̲, Ki. Vā.,d1906-10aTirumur̲ai malarkaḷ. a[3. patippu]. aCen̲n̲ai :bAmuta Nilaiyam,c[1956-1965; v. 1, 1965] a12 v. in 1 ;c19 cm. aIn Tamil.0 aVol. 1. Uḷḷam kavar kaḷavan̲ -- v. 2. Pin̲n̲u ceñcatai -- v. 3. Cir̲r̲ampalam -- v. 4. Iravum pakalum -- v. 5. In̲pap pir̲avi -- v. 6 Pēcāta nāḷ - v. 7 Aruḷāḷan̲ -- v. 8. An̲pin̲ uruvam -- v. 9. Oḷivaḷar viḷakku -- v. 10. Ñān̲ak kol̲untu -- v. 11. On̲r̲ai on̲r̲u -- v. 12. Cilampaṭi.00aTirumur̲ai. c88872d88872